All coordinating Conjunctions - Statistics

General Stats
  • This quiz has been taken 29 times
  • The average score is 5 of 7
Answer Stats
Answer % Correct
And
100%
But
75%
For
67%
Or
58%
So
58%
Yet
58%
Nor
50%
No matching quizzes found
Score Distribution
Percent of People with Each Score
Percentile by Number Answered
Your Score History
You have not taken this quiz